|
|
|
|
| LEADER |
01093nam a2200289 u 4500 |
| 001 |
10023339 |
| 003 |
upatras |
| 005 |
20210117205751.0 |
| 008 |
990123s1997 us eng |
| 020 |
|
|
|a 1566764319
|
| 040 |
|
|
|a GR-PaULI
|c GR-PaULI
|
| 041 |
0 |
|
|a eng
|
| 082 |
0 |
4 |
|a 615
|
| 100 |
1 |
|
|a Khan, Mansoor Ali
|9 149283
|
| 245 |
1 |
0 |
|a Pharmaceutical and clinical calculations
|c Mansoor A. Khan, Indra K. Reddy
|
| 260 |
|
|
|a Lancaster
|b Technomic Publishing Co.
|c 1997
|
| 300 |
|
|
|a xiii, 355 p.
|b fig.
|c 24 cm.
|
| 504 |
|
|
|a Includes bibliographical references and index
|
| 650 |
|
4 |
|a Φαρμακολογία
|9 1400
|
| 650 |
|
4 |
|a Φαρμακοποιία
|9 38050
|
| 650 |
|
4 |
|a Φαρμακολογία
|x Δοσολογία
|9 36677
|
| 700 |
1 |
|
|a Reddy, Indra K.
|9 149284
|
| 852 |
|
|
|a GR-PaULI
|b ΠΑΤΡΑ
|b ΒΚΠ
|b ΒΣ1
|k ΑΣΧΞ
|h 615 K
|m 045516
|p 025000059049
|t 1
|
| 942 |
|
|
|2 ddc
|c BK15
|
| 952 |
|
|
|0 0
|1 0
|4 0
|6 615_000000000000000_K
|7 0
|9 189944
|a LISP
|b LISP
|c BSC
|d 2016-04-24
|i 045516
|l 0
|o 615 K
|p 025000059049
|r 2016-04-24 00:00:00
|t 1
|w 2016-04-24
|y BK15
|
| 998 |
|
|
|c MANIAKH
|d 1999-07
|
| 999 |
|
|
|c 116986
|d 116986
|